000 01621nam a22002297a 4500
003 OSt
005 20250128152047.0
008 250128b ||||| |||| 00| 0 spa d
020 _a9789586657846
040 _cCO-MqBPB
082 0 4 _aAN
_bFOSm
100 1 _aFosse, Jon,1959-,
_eAutor
245 1 0 _aMañana y tarde /
_bJon Fosse
264 1 _aBogotá :
_bNórdica Libros : Deconatus :Siglo del Hombre Editores,
_c2023.
300 _a102 páginas ;
_bTapa rustica con solapa,
_c22 cm
500 _aReseña del libro "Manaña y Tarde" Nace un niño que se llamará Johannes. Muere un anciano llamado Johannes. Entre estos dos puntos, Jon Fosse nos da los detalles de toda una vida, condensados con gran belleza. Comenzando con los pensamientos del padre de Johannes cuando su esposa se pone de parto, y terminando con los propios pensamientos de Johannes cuando se embarca en un día de su vida en el que todo es exactamente igual, pero totalmente diferente, Mañana y tarde es una obra sobre el hermoso sueño de nuestras vidas. Los momentos a lo largo de la novela son sencillos y cotidianos, pero la prosa rítmica de Fosse guía hábilmente a los lectores a través del pasado y el presente. Mañana y tarde es una novela breve e inolvidable, sobre el nacimiento y la muerte, escrita por uno los grandes narradores y dramaturgos europeos de las últimas décadas. Ganador del premio Nobel de literatura 2023.
546 _aMorgon og kvel
586 _aPremio Nobel de Literatura 2023
650 _2Literatura
_yNoruega
700 _aCristina Gómez-Baggethun y Kirsti Baggethun
_eTraducción
942 _2ddc
_cBKLIT
999 _c15784
_d15784